| 000 | 00676cam a2200205 4500 | ||
|---|---|---|---|
| 001 | WB3602-22 | ||
| 008 | 000000n2000 000 0 eng u | ||
| 035 | _a(Sirsi) u103586 | ||
| 245 | _aItalian renaissance | ||
| 260 | _c2000 | ||
| 490 |
_aFinancial Times _v14 January 2000, 21(2) |
||
| 520 | _aItaly's commercial property market is experiencing a revival. The recent deregulation of rents and ownership has made it a popular choice for high-risk, high return investors. Table. | ||
| 590 | _aWB | ||
| 650 | _aITALY | ||
| 650 | _aOVERSEAS INVESTMENT | ||
| 650 | _aPROPERTY INVESTMENT | ||
| 650 | _aINVESTMENT MARKET | ||
| 690 | _aINTERNATIONAL-EUROPE | ||
| 942 | _n0 | ||
| 999 |
_c62223 _d62223 |
||